"La ley pareja no es dura" representaciones de la criminalidad y la justicia en la lira popular chilena. /

El estudio ofrece una aproximación a la historia social y urbana del Chile liberal y salitrero (1880-1920), a partir de las liras populares. Estos pliegos de poesía popular permiten descubrir y reconstruir las sensibilidades y representaciones sociales en torno a los más diversos tópicos, de los cua...

Descripción completa

Detalles Bibliográficos
Autor principal: Lacoste, Pablo
Formato: Libro
Lenguaje:español
Materias:
Acceso en línea:Acceso electrónico al documento

MARC

LEADER 00000cam a2200000 a 4500
001 034153
003 UAHC_CL
005 20170803123717.0
008 071025s cl 000 spa
040 |a UAHC_CL  |c UAHC_CL  |d UAHC_CL 
100 1 |a Lacoste, Pablo 
245 1 0 |a "La ley pareja no es dura" representaciones de la criminalidad y la justicia en la lira popular chilena. /  |c Daniel Palma Alvarado. 
500 |a En: Historia, vol. 39, no. 1, 2006. pp. 177-229ISSN 0717-7194 \Modo de acceso: Internet --(Página web visitada el 29 de octubre de 2007) 
520 |a El estudio ofrece una aproximación a la historia social y urbana del Chile liberal y salitrero (1880-1920), a partir de las liras populares. Estos pliegos de poesía popular permiten descubrir y reconstruir las sensibilidades y representaciones sociales en torno a los más diversos tópicos, de los cuales se examinan en este artículo aquellos referidos a la criminalidad y la justicia, al crimen y al castigo. El análisis de las liras arroja una completa hermenéutica popular que aporta importantes matices a la comprensión tradicional de estos temas, dando cuenta de cuestiones como la violencia urbana, el clasismo del aparato judicial y el debate en torno a la pena de muerte. Asimismo, se reflexiona sobre la circulación de las liras entre la población urbana, observándose que el circuito de la cultura popular en que estaban inmersas las liras, se comienza a vincular de manera dialógica con otras expresiones 
650 4 |a HISTORIA SOCIAL 
856 |u http://www.scielo.cl/pdf/historia/v39n1/art06.pdf  |3 Acceso electrónico al documento  |y Acceso electrónico al documento 
900 |a HISTORIA (SANTIAGO)-01/06 
942 |c BK 
999 |c 34153  |d 34153